China the big tiger

Gardado en:
Detalles Bibliográficos
Autor Principal: Wilson, Dick
Formato: Libro
Idioma:Undetermined
Publicado: Little Brown And Company 1996
Những chủ đề:
Các nhãn: Engadir etiqueta
Sen Etiquetas, Sexa o primeiro en etiquetar este rexistro!
Thư viện lưu trữ: Trung tâm Học liệu Trường Đại học Cần Thơ
LEADER 00478nam a2200193Ia 4500
001 CTU_91830
008 210402s9999 xx 000 0 und d
082 |a 951 
082 |b W746 
100 |a Wilson, Dick 
245 0 |a China the big tiger 
245 0 |c Dick Wilson 
260 |a Little 
260 |b Brown And Company 
260 |c 1996 
650 |a China,Economics 
650 |x History 
904 |i Tuyến 
980 |a Trung tâm Học liệu Trường Đại học Cần Thơ